| 000 | 00572nam a2200145Ia 4500 | ||
|---|---|---|---|
| 008 | 170221s9999 xx 000 0 und d | ||
| 100 | _aVyacheslav T. Volov | ||
| 245 | _aSocio-Psychological Specifics of Higher Education Design of Convicts in Prisons on the Basis of Information and Communication Technologies | ||
| 245 | _cVyacheslav T. Volov, Vsevolod V. Volov | ||
| 260 | _bInternational Review of Management and Marketing | ||
| 260 | _cDecember 2012 | ||
| 300 | _a4:2 | ||
| 650 | _xMarketing. | ||
| 856 | _uhttp://www.econjournals.com/index.php/irmm/issue/view/71 | ||
| 999 |
_c310378 _d310378 |
||